| 000 | 02521nam0a2200361 i 4500 | ||
|---|---|---|---|
| 001 | RU\NLR\BIBL_A\010903349 | ||
| 005 | 20240921154431.0 | ||
| 010 |
_a9785916588743 _9150 |
||
| 021 |
_aRU _b2015-84445 _95163 |
||
| 035 | _a(NILC)RuMoRGB-008057390 | ||
| 035 | _a(NLR Aleph) 010903349 | ||
| 090 |
_a10602278 _c10602278 |
||
| 100 | _a20151119d2015 um y0rusy50 ca | ||
| 101 | 0 | _arus | |
| 102 | _aRU | ||
| 105 | _aa|||j|||000yy | ||
| 200 | 1 |
_aФормирование образа мира дошкольников _eучебно-методическое пособие для студентов отделения дневного и заочного обучения по направлению 050100 "Педагогическое образование" профиль "Дошкольное образование" _fФедеральное бюджетное гос. образовательное учреждение высш. проф. образования "Волгоградский гос. социально-пед. ун-т", Фак. дошкольного и начального образования, Каф. педагогики дошкольного образования _g[авт-сост.: В. В. Ткаченко] |
|
| 210 |
_aМосква _cПланета _d2015 |
||
| 215 |
_a63 с. _cил. _d21 |
||
| 320 | _aБиблиогр. в тексте | ||
| 606 | 1 |
_aМировоззрение _jУчебно-методические пособия для высших учебных заведений _xФормирование в дошкольных учреждениях _92270064 _3RU\NLR\AUTH\6601589738 |
|
| 606 | 1 |
_aЛичность дошкольника _jУчебно-методические пособия для высших учебных заведений _xФормирование _91158166 _3RU\NLR\AUTH\66463092 |
|
| 610 | 0 | _a"образ мира" у дошкольников - формирование | |
| 675 | _a373 | ||
| 686 | 1 | _aЧ411.350я73 | |
| 686 | 1 | _aЮ983.7я73 | |
| 702 | 1 |
_aТкаченко _bВ. В. _gВалерия Владимировна _4220 |
|
| 712 | 0 | 2 |
_4570 _aВолгоградский государственный социально-педагогический университет _bКафедра педагогики дошкольного образования _9483976 _3RU\NLR\AUTH\880408996 |
| 801 | 0 |
_aRU _bРГБ _c20151030 _gRCR |
|
| 942 | _cBOOK | ||
| 980 | _aNBR | ||